|
|
|
|
| LEADER |
01555nem a2200385 a 4500 |
| 001 |
001065811 |
| 003 |
CZ BrMZK |
| 005 |
20140527155327.0 |
| 007 |
aj|ca||| |
| 008 |
080916s1908 au |||||||a|||r|0|||gerod |
| 034 |
1 |
|
|a a
|b 2650000
|d W0002105
|e E0311204
|f N0555359
|g N0400239
|
| 040 |
|
|
|a BOA001
|b cze
|
| 043 |
|
|
|a ec-----
|2 czenas
|
| 072 |
|
7 |
|a 656.2
|x Železniční doprava
|2 Konspekt
|9 4
|
| 072 |
|
7 |
|a 912
|x Mapy. Atlasy. Glóby
|2 Konspekt
|9 7
|
| 080 |
|
|
|a 656.2
|2 MRF
|
| 080 |
|
|
|a (4-191.2)
|2 MRF
|
| 080 |
|
|
|a (084.3)656.2
|2 MRF
|
| 100 |
1 |
|
|a Ritter, Julius
|4 aut
|
| 245 |
1 |
0 |
|a Eisenbahn-Routen-Karte von Mittel-Europa
|h [kartografický dokument] /
|c entworfen von Julius Ritter
|
| 255 |
|
|
|a Měřítko [ca 1:2 650 000]
|c (000°21´05" z.d.--031°12´04" v.d./055°53´59" s.š.--040°02´39" s.š.)
|
| 260 |
|
|
|a Wien :
|b Druck und Verlag R. v. Waldheim,
|c 1908
|
| 300 |
|
|
|a 1 mapa :
|b sítotisk, barev. ;
|c 60 x 78 cm, na listu 67 x 81 cm
|
| 500 |
|
|
|a Výzdoba: nad mapou název, v levém horním rohu legenda a impresum
|
| 500 |
|
|
|a Další údaje o vydání: Richtiggestellt bis 13. 5. 1908
|
| 510 |
3 |
|
|a IKAR
|
| 510 |
3 |
|
|a ONB
|
| 650 |
0 |
7 |
|a železniční doprava
|7 ph127919
|2 czenas
|
| 655 |
|
7 |
|a železniční mapy
|7 fd186721
|2 czenas
|
| 651 |
|
7 |
|a Evropa střední
|7 ge137882
|2 czenas
|
| 700 |
1 |
|
|a Waldheim, Rudolph von,
|d 1834-1890
|7 mzk2009544854
|4 pbl
|
| 856 |
4 |
1 |
|u http://www.digitalniknihovna.cz/mzk/uuid/uuid:3c08b4ee-dcba-40eb-8e49-453ed6fea40a
|y Digitalizovaný dokument
|
| 910 |
|
|
|a BOA001
|b Mpa-1211.475
|
| 990 |
|
|
|a MP
|
| 991 |
|
|
|b 201206
|